000 00929 a2200229 4500
003 UA-OsUOA
005 20230210144746.0
008 230210b un ||||| |||| 00| 0 ukr d
040 _aUA-OsUOA
_bukr
_cUA-OsUOA
_dUA-OsUOA
041 _aukr
080 _a09:821.161.2
090 _a09:821.161.2
_bШ84
100 _aШпол Ю.
245 _aКатіна любов або Будівельна пропаганда
_bкомедія на 3 дії
_cЮліян Шпол
260 _aК.
_bДержавне видавництво України
_c1928
300 _a108 с.
490 _aТеатральна бібліотека
650 _2UDC
_a821 Художня література окремими мовами і мовними сім'ями
942 _cRB
_2udc
955 _a3
999 _c573750
_d573750